| Tag |
First Indicator |
Second Indicator |
Subfields |
| LEADER |
00000cam a22000004a 4500 |
| 001 |
in00003399310 |
| 005 |
20190405193129.0 |
| 006 |
m d |
| 007 |
cr |||||||nn|n |
| 008 |
060413s2006 hiu o d eng d |
| 010 |
|
|
|z 2006012667
|
| 020 |
|
|
|a 9780824865320
|
| 020 |
|
|
|z 9780824829971 (hardcover : alk. paper)
|
| 020 |
|
|
|z 0824829972 (hardcover : alk. paper)
|
| 035 |
|
|
|a (MdBmJHUP)muse9780824865320
|
| 040 |
|
|
|a MdBmJHUP
|c MdBmJHUP
|d UtOrBLW
|
| 043 |
|
|
|a a-ja---
|
| 050 |
0 |
0 |
|a PN5407.W6
|b F74 2006
|
| 082 |
0 |
0 |
|a 059/.95608209041
|2 22
|
| 100 |
1 |
|
|a Frederick, Sarah.
|
| 245 |
1 |
0 |
|a Turning pages :
|b reading and writing women's magazines in interwar Japan /
|c Sarah Frederick.
|
| 264 |
|
1 |
|a Honolulu :
|b University of Hawaiʻi Press,
|c [2006]
|
| 264 |
|
4 |
|c ©2006
|
| 300 |
|
|
|a 1 online resource (x, 251 pages :) :
|b illustrations
|
| 336 |
|
|
|a text
|b txt
|2 rdacontent
|
| 337 |
|
|
|a computer
|b c
|2 rdamedia
|
| 338 |
|
|
|a online resource
|b cr
|2 rdacarrier
|
| 504 |
|
|
|a Includes bibliographical references (pages 223-239) and index.
|
| 588 |
|
|
|a Description based on print version record.
|
| 500 |
|
|
|a Electronic resource.
|
| 650 |
|
0 |
|a Women
|z Japan
|x History
|y 20th century.
|
| 650 |
|
0 |
|a Women's periodicals, Japanese.
|
| 655 |
|
7 |
|a Electronic books.
|2 local
|
| 856 |
4 |
0 |
|u http://proxy.library.tamu.edu/login?url=http://muse.jhu.edu/books/9780824865320/
|z Connect to the full text of this electronic book
|t 0
|
| 999 |
|
|
|a MARS
|
| 999 |
f |
f |
|s 9b066aa4-b90f-391b-b1d2-7a0e39727387
|i 5606970a-550e-31d0-831b-8fc39da156e9
|t 0
|
| 952 |
f |
f |
|a Texas A&M University
|b College Station
|c Electronic Resources
|d Available Online
|t 0
|e PN5407.W6 F74 2006
|h Library of Congress classification
|
| 998 |
f |
f |
|a PN5407.W6 F74 2006
|t 0
|l Available Online
|